000 00586nam a2200205Ia 4500
003 GCL
008 140319s9999 xx 000 0 ara d
040 _aGCL /
_cGCL
082 0 4 _a550
_bف ف
100 1 _aمحمد جمال الدين الفندى
245 1 0 _aالحقيقة والخيال /
_cمحمد جمال الدين الفندى
700 1 _aجابر عبدالحميد جابر
700 1 _aاسحق اسيموف
300 _a359 ص
490 _a
650 0 4 _aالارض
650 0 4 _aالكون
650 0 4 _aالمجموعة الشمسية
942 _2ddc
_cBK
999 _c46599
_d46599